000
00249nam a22000857a 4500
008
150803b xxu||||| |||| 00| 0 eng d
100
_a
Kelsey, Douglas A.
245
_a
Postal History Seminar book
260
_a
Tucson, AZ
_b
The Postal History Foundation
_c
1991
999
_c
1677
_d
1677